| 000 | 03561nam a22002657a 4500 | ||
|---|---|---|---|
| 001 | 216220085 | ||
| 003 | UA-OsUOA | ||
| 005 | 20210115145837.0 | ||
| 008 | 210114b un ||||| m||| 00| 0 ukr d | ||
| 040 |
_aUA-OsUOA _bukr _cUA-OsUOA _dUA-OsUOA |
||
| 041 | _aukr | ||
| 080 | _a271.4(477):2-67"1985/1991" | ||
| 090 | _a271.4(477):2-67"1985/1991" | ||
| 095 |
_a09.00.11 _bрелігієзнавство (історичні науки) |
||
| 100 | _aБублик T. T. | ||
| 245 |
_aУкраїнська Греко-Католицька Церква в контексті державно-церковних і міжконфесійних відносин в Україні (1985–1991) _cБублик Тарас Теодорович ; наук. керівник Турій Олег Юрійович |
||
| 260 |
_aОстрог _c2014 |
||
| 300 | _a20 с. | ||
| 502 |
_6Автореферат дисертації на здобуття наукового ступеня кандидата історичних наук
_cНаціональний університет "Острозька академія" _d2014 |
||
| 520 | _aУ дисертації проведено дослідження діяльності УГКЦ на тлі суспільно-політичних перетворень у СРСР в 1985–1991 рр. Увагу зосереджено на відносинах греко-католиків з радянською владою та іншими Церквами (РПЦ, УАПЦ та РКЦ). У дослідженні доведено, що зміни в релігійній політиці, хоча не стосувалися існуючих в підпіллі “уніатів”, зумовили активізацію руху за легалізацію УГКЦ та створення його організованих форм (Комітет захисту УКЦ). Характерною ознакою легалізації УГКЦ була тісна взаємодія з національно-політичними рухами, опозиційними до радянської влади. В ході дослідження виявлено зв’язок між виходом греко-католиків з підпілля та ростом міжконфесійного протистояння. Історичні передумови конфлікту з РПЦ посилилися суперечками за храми. Відновлена УАПЦ, хоч і оперувала подібними національно-державницькими ідеями, згодом стала ще одним опонентом греко-католиків у боротьбі за користування культовими спорудами. У дослідженні доведено, що спроби церковних діячів та влади західних областей України на різних рівнях (міжцерковному та законодавчому) вирішити конфлікт між Церквами закінчилися невдачею, оскільки всі суб’єкти протистояння не бажали йти на компроміс. | ||
| 650 |
_2UDC _a2 Релігія. Теологія (Богослов'я) |
||
| 942 |
_2udc _cAR |
||
| 955 | _a1 | ||
| 999 |
_c464165 _d464165 |
||